Visualizzazione normale
Vista MARC
- Berzano Luigi (et al.)
di Personal Name
Records bibliografici associati: 1
001 - CONTROL NUMBER
- control field: 60928
003 - CONTROL NUMBER IDENTIFIER
- control field:
005 - DATE AND TIME OF LATEST TRANSACTION
- control field: 20240718121307.0
008 - FIXED-LENGTH DATA ELEMENTS
- fixed length control field: 240718|| aca||aabn | a|a d
040 ## - CATALOGING SOURCE
- Original cataloging agency:
- Transcribing agency:
100 ## - HEADING--PERSONAL NAME
- Personal name: Berzano Luigi (et al.)
670 ## - SOURCE DATA FOUND
- Source citation: Work cat.: ()226472: Berzano Luigi (et al.), La famiglia giovane. Vivere nella precarietà, 2005